000 01236nam a2200289Ia 4500
999 _c4815
_d4815
003 OSt
005 20200602115820.0
008 191128s2012 ck ad fr 000 0 spa d
020 _a9789585737303
040 _aCO-JMCR
_cCO-JMCR
041 0 _aspa
082 0 4 _a330 .007
_bM827e
_223
100 1 _aMora, Jhon James,
_eautor
_94885
245 1 3 _aLa enseñanza de la economía en el contexto Colombiano /
_ceditado por Jhon James Mora, Luis Fernando Ramírez y Luis Eduardo Acuña
260 _aBogotá :
_bAsociación Colombiana de Facultades, Programas y Departamentos de Economía,
_c2012
300 _a163 páginas :
_bgráficos a blanco y negro ;
_c24 cm.
504 _aIncluye bibliografía al final de cada capítulo
505 0 _aExperiencias pedagógicas -- Formulación y evaluación por competencia
650 1 4 _aEconomía
_xenseñanza superior
_zColombia
_94886
650 1 4 _aEducación por competencias
_zColombia
_94887
650 1 4 _aFormación profesional de economistas
_zColombia
_94888
650 1 4 _aPedagogía social
_zColombia
_94889
650 1 4 _aCompetencia económica
_94890
700 1 _aRamírez, Luis Fernando,
_eeditor
_94891
700 1 _aAcuña, Luis Eduardo,
_eeditor
_94892
942 _2ddc
_cBK